Analytical concordance to the Bible : on an entirely new plan : (Record no. 15747)
[ view plain ]
| 000 -LEADER | |
|---|---|
| fixed length control field | 00847nam a2200229 a 4500 |
| 003 - CONTROL NUMBER IDENTIFIER | |
| control field | PILC |
| 005 - DATE AND TIME OF LATEST TRANSACTION | |
| control field | 20171204131331.0 |
| 008 - FIXED-LENGTH DATA ELEMENTS--GENERAL INFORMATION | |
| fixed length control field | 051215s1992 xx 00 eng d |
| 010 ## - LIBRARY OF CONGRESS CONTROL NUMBER | |
| LC control number | Acc#35917 |
| 020 ## - INTERNATIONAL STANDARD BOOK NUMBER | |
| International Standard Book Number | 0917006291 |
| 040 ## - CATALOGING SOURCE | |
| Transcribing agency | Philippine Baptist Theological Seminary |
| 050 ## - LIBRARY OF CONGRESS CALL NUMBER | |
| Classification number | Ref BS 425 |
| Item number | Y84 [1992?] |
| 100 10 - MAIN ENTRY--PERSONAL NAME | |
| Personal name | Young, Robert |
| 245 10 - TITLE STATEMENT | |
| Title | Analytical concordance to the Bible : on an entirely new plan : |
| Remainder of title | containing about 311,000 references, subdivided under the Hebrew and Greek originals, with the literal meaning and pronunciation of each / |
| Statement of responsibility, etc. | Robert Young. |
| 260 0# - PUBLICATION, DISTRIBUTION, ETC (IMPRINT) | |
| Place of publication, distribution, etc. | Peabody, MA : |
| Name of publisher, distributor, etc. | Hendrickson Publishers, |
| Date of publication, distribution, etc. | [1992?]. |
| 300 ## - PHYSICAL DESCRIPTION | |
| Extent | 1205 p. ; 27 cm. |
| 500 ## - GENERAL NOTE | |
| General note | Includes index. |
| 650 ## - SUBJECT ADDED ENTRY--TOPICAL TERM | |
| Topical term or geographic name as entry element | BIBLE |
| General subdivision | CONCORDANCE |
| 650 ## - SUBJECT ADDED ENTRY--TOPICAL TERM | |
| Topical term or geographic name as entry element | HEBREW LANGUAGE |
| General subdivision | DICTIONARIES |
| -- | ENGLISH |
| 650 #4 - SUBJECT ADDED ENTRY--TOPICAL TERM | |
| Topical term or geographic name as entry element | GREEK LANGAUGE, BIBLICAL |
| General subdivision | DICTIONARIES |
| -- | ENGLISH |
| 942 ## - ADDED ENTRY ELEMENTS (KOHA) | |
| Koha item type | Reference Books |
| Source of classification or shelving scheme | Dewey Decimal Classification |
| Withdrawn status | Lost status | Source of classification or shelving scheme | Damaged status | Not for loan | Home library | Current library | Shelving location | Date acquired | Source of acquisition | Total Checkouts | Full call number | Barcode | Date last seen | Price effective from | Koha item type |
|---|---|---|---|---|---|---|---|---|---|---|---|---|---|---|---|
| Dewey Decimal Classification | PBTS Library | PBTS Library | Reference Section | 06/05/2008 | Gift | Ref BS 425 Y84 [1992?] | 35917 | 04/07/2026 | 04/02/2015 | Reference Books |